[Event "WchT 6th"]
[Site "Beersheba"]
[Date "2005.11.03"]
[Round "3.1"]
[White "Svidler, Peter"]
[Black "Azmaiparashvili, Zurab"]
[Result "1-0"]
[WhiteElo "2740"]
[BlackElo "2658"]
[Annotator "Lukacs,P"]
[PlyCount "119"]
[EventDate "2005.11.01"]
[EventType "team-tourn"]
[EventRounds "9"]
[EventCountry "ISR"]
[SourceTitle "CBM 110"]
[Source "ChessBase"]
[SourceDate "2006.01.31"]
[SourceVersion "1"]
[SourceVersionDate "2006.01.31"]
[SourceQuality "1"]
[WhiteTeam "Russia"]
[BlackTeam "Georgia"]
[WhiteTeamCountry "RUS"]
[BlackTeamCountry "GEO"]

1. e4 c6 2. d4 d5 3. e5 Bf5 4. Nf3 e6 5. Be2 Ne7 6. Nbd2 c5 7. dxc5 Nec6 8. Nb3
Bxc5 $143 (8... Nd7 9. O-O {Black can chose between the two pawns...} Bxc5 (
9... Ndxe5 $2 {is the wrong choice here:} 10. Nxe5 Nxe5 11. g4 $1 Bg6 12. f4
$18 {and the g6 B is in trouble.}) 10. Nxc5 Nxc5 11. Nd4 {- Svidler-Belov,
Moscow 2003 CBM 094} (11. Be3 {was the other logical move emphasising the
pressure on >< d4.} Nd7 12. Nd4 Nxd4 (12... O-O {- 11.Nd4}) 13. Bxd4 $14)) 9.
Nxc5 Qa5+ 10. c3 Qxc5 11. Qb3 $5 (11. O-O O-O 12. Be3 Qe7 13. h3 {against Bg4}
(13. Nd4 Nxd4 14. Bxd4 Nc6) 13... Nd7 14. Nd4 {Now it's better than before,
there is no Nc6.} Nxd4 15. Bxd4 $14) 11... Qe7 (11... Nd7 12. Be3 Na5 13. Qa4
Qc7 14. Nd4 $14) 12. Bg5 Qc7 {[#]} 13. Nd4 $1 {This is the typical motif again.
} (13. Qa3 $5 Bg4 $1 14. O-O Nd7 15. c4 (15. Bf4 Bxf3 (15... O-O-O 16. c4 $1
$36) 16. Bxf3 Ndxe5 $15) (15. Rae1 Ndxe5 $1 (15... Bxf3 $6 16. Bxf3 Ndxe5 17.
Bh5 h6 18. Bh4 $44) 16. Nxe5 Qxe5 17. Ba6 Qxg5 18. Bxb7 Kd7 19. f4 Qd8 20. Bxa8
Qb6+ $15) 15... dxc4 $13) 13... Nxd4 (13... Nxe5 $2 14. Nxf5 exf5 15. Qxd5 $18)
14. cxd4 {The P structure has been changed, >< d4 is a bit weak as in the
French or the Slav, but White's ^^ is active, his stronghold on e5 secures the
space advantage.} Nc6 15. Rc1 O-O 16. Be3 Qa5+ (16... Qe7 17. O-O Rab8 18. Rc5
$14) 17. Rc3 Qb4 (17... Rab8 18. O-O Rfc8 19. Rfc1 $14) 18. O-O Rac8 19. Rfc1
Qxb3 20. axb3 $14 {/\ b4, the _|_ is not so easy for Black.} Rb8 21. Rc5 (21.
g4 Bg6 22. h4 h6 23. Rc5 Rfd8) 21... h6 22. f3 {/\ Kf2, White can slowly
strengthen his position, since Black has no real counterplay, although a
breakthrough will be difficult, too.} Rfd8 23. Kf2 Kf8 24. g4 Bg6 25. h4 h5 {
Black doesn't allow further advance on the >>, otherwise he will be pushed to
the wall.} 26. Bg5 Rdc8 (26... Re8 {runs into another pin after} 27. Bb5 (27.
Ke3 a6) 27... hxg4 28. fxg4 Be4 29. Ke3) 27. Ke3 (27. Bb5 {was the other
alternative.} hxg4 28. fxg4 Ke8 29. h5 Be4 $14) 27... Ke8 28. b4 $1 {White
strengthens his position on both flanks.} Kd7 29. b5 Nb4 30. Kd2 (30. gxh5 Bxh5
(30... Nc2+ 31. Kd2 $18) 31. Be7 $1 $16 {was the nice way for an advantage!})
30... Rxc5 31. Rxc5 a6 32. b6 $5 (32. Rc1 Ra8 (32... Rc8 $2 33. Rxc8 Kxc8 34.
Be7 Nc2 35. gxh5 Bf5 (35... Bxh5 36. bxa6 $18) 36. bxa6 bxa6 37. Bxa6+ $18) 33.
bxa6 bxa6 34. Bd1 {/\ Ba4, the ^^ is decisive in opened positions.} Rc8 35.
Ba4+ Nc6 36. Rc5 $16) 32... Nc6 33. Kc3 Rf8 {/\ f6 to find some counterplay.}
34. b4 f6 35. exf6 gxf6 36. Bf4 hxg4 (36... Rc8 37. Bd1 Ke7 38. Ba4 Be8 39. Bc7
$18) 37. fxg4 {White has already a strong o^ on the >>.} e5 $2 {Now can win
easily.} (37... Rc8 38. Bd1 $16) 38. Rxd5+ Ke6 39. Rc5 (39. Bc4 $1 exf4 40.
Rg5+ $18 {was the simple solution.}) 39... Nxd4 40. Bc4+ Kd6 41. Be3 Nb5+ (
41... Ne6 42. Rd5+ (42. h5 Be4) 42... Ke7 43. g5 $16) 42. Kb2 Be4 43. h5 Bf3 $2
(43... Rh8 44. h6) 44. h6 ({missing} 44. Bxb5 axb5 45. Rc3 $1 $18 {/\ Bc5
winning the piece.}) 44... Be4 {However White's ^^ dominates the board the h6
o^ is very dangerous.} 45. Ba2 (45. Rd5+ $1 Kc6 (45... Bxd5 46. Bc5+) 46. Rd2
$18) 45... Rh8 46. Rc1 $18 Ke7 47. Re1 Bf3 48. Bc5+ Nd6 (48... Kd7 49. Rf1) 49.
g5 fxg5 50. Rxe5+ Kd7 51. Re6 Nf5 52. Rf6 Rxh6 53. Rf7+ Kd8 54. Rxf5 Rh2+ 55.
Kc1 Be4 56. Rf8+ Kd7 57. Bb3 Kc6 58. Ba4+ Kd5 59. Rd8+ Ke6 60. Re8+ 1-0

[Event "Moscow Superblitz"]
[Site "Moscow"]
[Date "2006.01.05"]
[Round "6"]
[White "Svidler, Peter"]
[Black "Morozevich, Alexander"]
[Result "1-0"]
[WhiteElo "2765"]
[BlackElo "2721"]
[PlyCount "44"]
[EventDate "2006.01.05"]
[EventType "tourn (blitz)"]
[EventRounds "22"]
[EventCountry "RUS"]
[EventCategory "17"]
[SourceTitle "EXT 2007"]
[Source "ChessBase"]
[SourceDate "2006.11.23"]
[SourceVersion "1"]
[SourceVersionDate "2006.11.23"]
[SourceQuality "1"]

1. e4 d6 2. d4 Nf6 3. Bd3 e5 4. c3 d5 5. Ne2 Nxe4 6. O-O Nc6 7. f4 Be7 8. dxe5
f5 9. Kh1 Bc5 10. Qb3 O-O 11. Qc2 Na5 12. g4 Be6 13. gxf5 g6 14. Rd1 gxf5 15.
Nd4 Nc4 16. Rg1+ Kf7 17. Re1 Na3 18. Qa4 Nd6 19. Qa6 b5 20. Qxa7 Rh8 21. Re3
Ke8 22. Bf1 Bc8 1-0

[Event "Moscow Superblitz"]
[Site "Moscow"]
[Date "2006.01.05"]
[Round "9"]
[White "Svidler, Peter"]
[Black "Korotylev, Alexey"]
[Result "1-0"]
[WhiteElo "2765"]
[BlackElo "2609"]
[PlyCount "64"]
[EventDate "2006.01.05"]
[EventType "tourn (blitz)"]
[EventRounds "22"]
[EventCountry "RUS"]
[EventCategory "17"]
[SourceTitle "EXT 2007"]
[Source "ChessBase"]
[SourceDate "2006.11.23"]
[SourceVersion "1"]
[SourceVersionDate "2006.11.23"]
[SourceQuality "1"]

1. e4 c5 2. Na3 Nc6 3. Bb5 Nd4 4. Ba4 g6 5. c3 Nc6 6. Nf3 Bg7 7. d4 cxd4 8.
cxd4 Nf6 9. d5 Nb4 10. O-O O-O 11. Bd2 a5 12. Bc3 d6 13. Re1 Na6 14. h3 Nc5 15.
Bb5 Nfxe4 16. Bxg7 Kxg7 17. Qd4+ Nf6 18. Nc4 b6 19. Bc6 Rb8 20. Re3 b5 21. Na3
Bd7 22. Rae1 Bxc6 23. dxc6 e5 24. Rxe5 dxe5 25. Qxc5 Qb6 26. Rxe5 Rfc8 27. Nd4
b4 28. Nc4 a4 29. Nd6 Nd7 30. c7 Ra8 31. Nxc8 Ra7 32. Nb5 Nb8 1-0

[Event "Moscow Superblitz"]
[Site "Moscow"]
[Date "2006.01.05"]
[Round "11"]
[White "Svidler, Peter"]
[Black "Shipov, Sergei"]
[Result "1/2-1/2"]
[WhiteElo "2765"]
[BlackElo "2576"]
[PlyCount "61"]
[EventDate "2006.01.05"]
[EventType "tourn (blitz)"]
[EventRounds "22"]
[EventCountry "RUS"]
[EventCategory "17"]
[SourceTitle "EXT 2007"]
[Source "ChessBase"]
[SourceDate "2006.11.23"]
[SourceVersion "1"]
[SourceVersionDate "2006.11.23"]
[SourceQuality "1"]

1. e4 e6 2. d4 d5 3. Nd2 Be7 4. c3 c5 5. dxc5 Bxc5 6. Ngf3 Nf6 7. Bd3 dxe4 8.
Nxe4 Nxe4 9. Qa4+ Bd7 10. Qxe4 Bc6 11. Qe2 Nd7 12. O-O a5 13. Rd1 Qc7 14. b4
Be7 15. Bb2 Bf6 16. Nd4 Bxd4 17. cxd4 axb4 18. Bc4 O-O 19. d5 Bxd5 20. Bxd5
exd5 21. Rxd5 Rfe8 22. Qg4 Ne5 23. Qxb4 f6 24. h3 Qf7 25. Qb3 Nc6 26. Rad1 Red8
27. Rd7 Rxd7 28. Rxd7 Qxb3 29. axb3 Ra2 30. Bc3 Rc2 31. Rd3 1/2-1/2

[Event "Moscow Superblitz"]
[Site "Moscow"]
[Date "2006.01.05"]
[Round "12"]
[White "Svidler, Peter"]
[Black "Kobalia, Mihail"]
[Result "1-0"]
[WhiteElo "2765"]
[BlackElo "2654"]
[PlyCount "79"]
[EventDate "2006.01.05"]
[EventType "tourn (blitz)"]
[EventRounds "22"]
[EventCountry "RUS"]
[EventCategory "17"]
[SourceTitle "EXT 2007"]
[Source "ChessBase"]
[SourceDate "2006.11.23"]
[SourceVersion "1"]
[SourceVersionDate "2006.11.23"]
[SourceQuality "1"]

1. e4 e5 2. Nf3 Nc6 3. Bb5 Nf6 4. d3 d6 5. O-O Bd7 6. c3 a6 7. Ba4 g6 8. Bg5
Bg7 9. Nbd2 O-O 10. Bb3 Qe8 11. Re1 h6 12. Bh4 Nh5 13. Nc4 Nf4 14. Ne3 Rc8 15.
d4 Kh7 16. Nd5 g5 17. Nxf4 gxf4 18. Qd3 Ne7 19. Rad1 Bg4 20. Bxe7 Qxe7 21. h3
Bxf3 22. Qxf3 Qg5 23. Qg4 Bf6 24. Rd3 Kg6 25. Red1 Rce8 26. dxe5 Re7 27. f3 Rh8
28. Kf2 c6 29. Rh1 b5 30. g3 Rh7 31. Kg2 fxg3 32. Bc2 d5 33. Rdd1 Kg7 34. Rd2
Rc7 35. f4 Rd7 36. Kxg3 Kf8 37. a4 Kg7 38. fxg5 Kf8 39. exf6 Ke8 40. Qd1 1-0

[Event "Moscow Superblitz"]
[Site "Moscow"]
[Date "2006.01.05"]
[Round "13"]
[White "Grachev, Boris V"]
[Black "Svidler, Peter"]
[Result "1-0"]
[WhiteElo "2510"]
[BlackElo "2765"]
[PlyCount "83"]
[EventDate "2006.01.05"]
[EventType "tourn (blitz)"]
[EventRounds "22"]
[EventCountry "RUS"]
[EventCategory "17"]
[SourceTitle "EXT 2007"]
[Source "ChessBase"]
[SourceDate "2006.11.23"]
[SourceVersion "1"]
[SourceVersionDate "2006.11.23"]
[SourceQuality "1"]

1. d4 d6 2. c4 e5 3. Nf3 e4 4. Ng5 f5 5. Nc3 Be7 6. Nh3 Nf6 7. Bg5 O-O 8. e3 c5
9. Nf4 Nc6 10. Be2 cxd4 11. exd4 h6 12. Bxf6 Bxf6 13. d5 Nd4 14. O-O Bd7 15.
Qd2 Rc8 16. Rac1 Bg5 17. g3 Bf6 18. b3 g5 19. Ne6 Nxe6 20. dxe6 Bxe6 21. Nb5
Be5 22. Rfd1 f4 23. Nxd6 e3 24. fxe3 fxg3 25. hxg3 Rc7 26. Qc2 Rg7 27. Qe4 Qa5
28. b4 Qxa2 29. Qxe5 Bh3 30. Qd5+ Kh8 31. Qd2 Qa3 32. Qc3 Qa6 33. b5 Qb6 34. c5
Qc7 35. Bf1 Bg4 36. Rd2 Bf3 37. Bg2 Qe7 38. Rf2 g4 39. Rcf1 b6 40. Bxf3 Rxf3
41. Rxf3 bxc5 42. Nf5 1-0

[Event "Moscow Superblitz"]
[Site "Moscow"]
[Date "2006.01.05"]
[Round "14"]
[White "Svidler, Peter"]
[Black "Jakovenko, Dmitrij"]
[Result "0-1"]
[WhiteElo "2765"]
[BlackElo "2662"]
[PlyCount "53"]
[EventDate "2006.01.05"]
[EventType "tourn (blitz)"]
[EventRounds "22"]
[EventCountry "RUS"]
[EventCategory "17"]
[SourceTitle "EXT 2007"]
[Source "ChessBase"]
[SourceDate "2006.11.23"]
[SourceVersion "1"]
[SourceVersionDate "2006.11.23"]
[SourceQuality "1"]

1. e4 c5 2. Na3 Nc6 3. Bb5 g6 4. d3 Bg7 5. h3 Nh6 6. Qe2 O-O 7. Nf3 f6 8. Be3
d6 9. c3 Nf7 10. O-O e5 11. Nd2 Rb8 12. Rab1 f5 13. f4 exf4 14. Bxf4 g5 15. Bh2
f4 16. Nc2 d5 17. d4 cxd4 18. Nxd4 Qb6 19. Kh1 Nd6 20. Nc4 Nxc4 21. b3 Re8 22.
Bg1 Rxe4 23. bxc4 a6 24. Rbc1 Kf7 25. Rb1 Bxd4 26. c5 h5 27. Rb3 0-1

[Event "Moscow Superblitz"]
[Site "Moscow"]
[Date "2006.01.05"]
[Round "15"]
[White "Savchenko, Boris"]
[Black "Svidler, Peter"]
[Result "1-0"]
[WhiteElo "2569"]
[BlackElo "2765"]
[PlyCount "68"]
[EventDate "2006.01.05"]
[EventType "tourn (blitz)"]
[EventRounds "22"]
[EventCountry "RUS"]
[EventCategory "17"]
[SourceTitle "EXT 2007"]
[Source "ChessBase"]
[SourceDate "2006.11.23"]
[SourceVersion "1"]
[SourceVersionDate "2006.11.23"]
[SourceQuality "1"]

1. e4 c5 2. Nf3 e6 3. d4 cxd4 4. Nxd4 a6 5. Nc3 Qc7 6. Be3 b5 7. Qd2 Bb7 8. f3
Nf6 9. g4 d6 10. g5 Nfd7 11. a4 b4 12. Nce2 d5 13. exd5 Bxd5 14. Nf4 g6 15.
Nxd5 exd5 16. Nb3 Bg7 17. Qxd5 O-O 18. Qxa8 Qxc2 19. Nd2 Nc6 20. Qxa6 Re8 21.
Ne4 Bxb2 22. Bd3 Qg2 23. Rg1 Qxf3 24. Kd2 Nce5 25. Rg3 Qh5 26. Rf1 Qxh2+ 27.
Rf2 Qh1 28. Rf1 Qh2+ 29. Be2 Bc3+ 30. Kd1 b3 31. Bf2 Rd8 32. Kc1 Qh4 33. Nxc3
Qb4 34. Rd1 Nb8 1-0

[Event "Moscow Superblitz"]
[Site "Moscow"]
[Date "2006.01.05"]
[Round "16"]
[White "Svidler, Peter"]
[Black "Malakhov, Vladimir"]
[Result "0-1"]
[WhiteElo "2765"]
[BlackElo "2694"]
[PlyCount "78"]
[EventDate "2006.01.05"]
[EventType "tourn (blitz)"]
[EventRounds "22"]
[EventCountry "RUS"]
[EventCategory "17"]
[SourceTitle "EXT 2007"]
[Source "ChessBase"]
[SourceDate "2006.11.23"]
[SourceVersion "1"]
[SourceVersionDate "2006.11.23"]
[SourceQuality "1"]

1. e4 c5 2. Na3 Nc6 3. Bb5 Qc7 4. c3 Nf6 5. Qe2 d6 6. Nf3 a6 7. Ba4 b5 8. Bc2
e5 9. h3 Be7 10. O-O O-O 11. Rd1 Be6 12. d4 cxd4 13. cxd4 exd4 14. Nxd4 Nxd4
15. Rxd4 Rac8 16. Bf4 Qc5 17. Qd2 d5 18. e5 Ne4 19. Bxe4 dxe4 20. Re1 b4 21.
Nb1 Bxa2 22. Rdxe4 Qc2 23. Qd7 Rc7 24. Qg4 h5 25. Qxh5 Bxb1 26. e6 Rb7 27. Be5
f6 28. Bd4 Qxe4 29. Rxe4 Bxe4 30. Qg4 Bd5 31. h4 Rc7 32. Qf5 Rd8 33. h5 Rc4 34.
Be3 Be4 35. Qa5 Rd1+ 36. Kh2 Rd5 37. Qxa6 Rxh5+ 38. Kg3 Bd5 39. f3 Rc6 0-1

[Event "Moscow Superblitz"]
[Site "Moscow"]
[Date "2006.01.05"]
[Round "17"]
[White "Morozevich, Alexander"]
[Black "Svidler, Peter"]
[Result "1-0"]
[WhiteElo "2721"]
[BlackElo "2765"]
[PlyCount "103"]
[EventDate "2006.01.05"]
[EventType "tourn (blitz)"]
[EventRounds "22"]
[EventCountry "RUS"]
[EventCategory "17"]
[SourceTitle "EXT 2007"]
[Source "ChessBase"]
[SourceDate "2006.11.23"]
[SourceVersion "1"]
[SourceVersionDate "2006.11.23"]
[SourceQuality "1"]

1. e4 c5 2. Nf3 e6 3. d4 cxd4 4. Nxd4 a6 5. Nc3 Qc7 6. g3 Nf6 7. Bg2 d6 8. O-O
Nc6 9. Nxc6 bxc6 10. b3 Be7 11. Bb2 O-O 12. Na4 Rb8 13. c4 c5 14. f4 Nd7 15.
Qe2 Bb7 16. Rae1 Rbd8 17. Nc3 Nb8 18. Qg4 g6 19. f5 Nd7 20. fxe6 Ne5 21. exf7+
Rxf7 22. Qe2 Bf6 23. Rf2 Kg7 24. Ref1 Re8 25. Bh3 a5 26. Nd5 Bxd5 27. exd5 Rff8
28. Be6 Qa7 29. Kg2 h5 30. Bxe5 Bxe5 31. Rf7+ Rxf7 32. Rxf7+ Qxf7 33. Bxf7 Kxf7
34. Qd2 Ra8 35. h4 Kg7 36. Kh3 Bd4 37. g4 hxg4+ 38. Kxg4 Be5 39. h5 gxh5+ 40.
Kxh5 Kf7 41. Kg4 Ke7 42. Qh6 Rg8+ 43. Kf5 Rf8+ 44. Ke4 Rf6 45. Qg7+ Rf7 46. Qg8
Rf8 47. Qh7+ Rf7 48. Qh3 Kd8 49. a3 Rf4+ 50. Ke3 a4 51. bxa4 Rxc4 52. Qh7 1-0

[Event "Moscow Superblitz"]
[Site "Moscow"]
[Date "2006.01.05"]
[Round "20"]
[White "Korotylev, Alexey"]
[Black "Svidler, Peter"]
[Result "0-1"]
[WhiteElo "2609"]
[BlackElo "2765"]
[PlyCount "86"]
[EventDate "2006.01.05"]
[EventType "tourn (blitz)"]
[EventRounds "22"]
[EventCountry "RUS"]
[EventCategory "17"]
[SourceTitle "EXT 2007"]
[Source "ChessBase"]
[SourceDate "2006.11.23"]
[SourceVersion "1"]
[SourceVersionDate "2006.11.23"]
[SourceQuality "1"]

1. d4 d6 2. e4 Nf6 3. Nc3 e5 4. Nf3 Nbd7 5. Bc4 Be7 6. O-O O-O 7. Re1 c6 8. a4
b6 9. Bg5 Bb7 10. Nh4 g6 11. Bh6 Re8 12. Nf3 Ng4 13. Bd2 exd4 14. Nxd4 Nge5 15.
Ba2 Nf6 16. f4 Ned7 17. Qf3 Bf8 18. Nde2 Bg7 19. Ng3 a6 20. Rad1 b5 21. Bc1 Qc7
22. Kh1 b4 23. Nb1 Nc5 24. Nd2 Nxa4 25. Nc4 d5 26. Ne5 Nc5 27. exd5 cxd5 28.
Qf2 a5 29. Be3 Rac8 30. Bd4 Ne6 31. c3 Nxd4 32. cxd4 a4 33. f5 b3 34. Bb1 Re7
35. fxg6 fxg6 36. Qd2 Qd6 37. Rf1 Ne4 38. Nxe4 dxe4 39. Qa5 e3 40. Rg1 e2 41.
Rde1 Qxd4 42. Nf3 Qf4 43. Qxa4 Qxa4 0-1

[Event "Morelia/Linares 23rd"]
[Site "Morelia/Linares"]
[Date "2006.02.18"]
[Round "1"]
[White "Svidler, Peter"]
[Black "Topalov, Veselin"]
[Result "1-0"]
[WhiteElo "2765"]
[BlackElo "2801"]
[Annotator "Postny,E"]
[PlyCount "133"]
[EventDate "2006.02.18"]
[EventType "tourn"]
[EventRounds "14"]
[EventCountry "ESP"]
[EventCategory "20"]
[SourceTitle "CBM 112"]
[Source "ChessBase"]
[SourceDate "2006.06.07"]
[SourceVersion "1"]
[SourceVersionDate "2006.06.07"]
[SourceQuality "1"]

{[%mdl 1]} 1. e4 e5 2. Nf3 Nc6 3. Bb5 Nf6 4. O-O Nxe4 5. d4 Nd6 6. Bxc6 dxc6 7.
dxe5 Nf5 8. Qxd8+ Kxd8 9. Nc3 Ne7 10. h3 Ng6 11. Bg5+ {This check does not
allow black to hide his king on the queenside. The black king is forced to
stay in the centre where it might be vulnerable.} Ke8 12. Rad1 Bd7 {Topalov
already played this position also as white.} (12... Be6 13. Nd4 Bc4 14. Rfe1
Bb4 15. Nf5 Bxc3 16. bxc3 Rg8 17. a3 h6 18. Bc1 Be6 $11 {1/2-1/2 Leko,P (2741)
-Kramnik,V (2770)/Dortmund 2004/CBM 103 (34)}) 13. Nd4 (13. Rd2 Be6 14. Rfd1
Be7 15. Ne2 Nxe5 16. Nxe5 Bxg5 17. f4 Be7 18. Nd4 Bc5 19. Kh2 Bxd4 20. Rxd4 f6
$15 {1/2-1/2 Svidler,P (2727)-Kramnik,V (2770)/Dortmund 2004/CBM 103 (25)}) (
13. a3 h6 14. Bc1 Rd8 15. Rfe1 Be7 16. Ne4 Be6 17. Rxd8+ Kxd8 18. Nd4 Bd7 19.
f4 Nh4 20. Kf2 h5 21. g3 Nf5 22. Nf3 c5 23. Rd1 Ke8 24. Nc3 Nd4 25. Nd5 Bd8 26.
Nxd4 cxd4 27. Rxd4 Bxh3 $11 {1/2-1/2 Topalov,V (2735)-Vallejo Pons,F (2662)/
Benidorm 2003/CBM 99 (61)}) 13... h6 14. Be3 h5 $146 {Black is fighting
against white's pawns offensive on the kingside. Also, after the forthcoming
h5-h4 black's rook gets a chance to join the battle via h5.} ({The plan
adopted by Almasi is probably safer:} 14... Bb4 15. f4 Bxc3 16. bxc3 c5 17. Ne2
b6 18. Ng3 h5 19. f5 Nxe5 20. Bf4 f6 21. Rfe1 Ba4 {1/2-1/2 Shirov,A (2715)
-Almasi,Z (2644)/Monaco 2002/CBM 087 ext (21)}) 15. f4 h4 16. f5 $3 {[%mdl 512]
A very deep and sound pawn sacrifice based mainly on intuition. At the price
of a pawn Svidler seizes the initiative.} (16. Rd3 Bc5 17. Rfd1 Bxd4 18. Rxd4
Bf5 $11) 16... Nxe5 17. f6 $1 {[%mdl 32] It's very important to prevent from
black to play f7-f6, so that the knight won't have a stronghold on e5.} Rh5 18.
Ne4 g6 (18... Nc4 19. Bf4 Nxb2 20. Rb1 {is bad for black.}) 19. Bf4 c5 (19...
Bd6 $2 20. g4 $1 hxg3 21. Nxg3 Rxh3 22. Rde1 Kf8 23. Rxe5 Bxe5 24. Bxe5 $16)
20. Nf3 Nxf3+ 21. Rxf3 {Black's main problem is his king which is highly
vulnerable in the centre and disconnected rooks. In my opinion, the position
remains playable for black, but from psychological point of view it's much
easier to be on the offensive side.} Be6 (21... Rf5 $6 22. Re3 $1 Be6 ({
A spectacular mate is after} 22... Rxf4 23. Nd6+ Kd8 24. Re8+ $1 Bxe8 25. Nxf7+
Kc8 26. Rd8#) 23. Bxc7 c4 24. Re2 $1 Rc8 25. Red2 Rd5 26. Rxd5 Bxd5 27. Rxd5
Rxc7 28. Kf2 {[%csl Rh4] with a good winning chances for white.}) 22. Rfd3 ({
After} 22. Ng5 $6 Rd8 23. Re1 c4 24. Nxe6 fxe6 25. Rxe6+ Kf7 {[%cal Gd8d1,
Gf8c5] white loses all his trumps.}) 22... c4 23. R3d2 c6 24. Ng5 Bc5+ 25. Kh2
Bd5 $6 {This moment was rather critical.} (25... c3 $1 26. bxc3 Bxa2 {Looks
rather risky for black, but some concrete variations does not confirm that
white has more than equality here. For instanse:} 27. Rd7 ({Not dangerous for
black:} 27. Ne4 Bf8) ({Or:} 27. Re1+ Kf8 28. Rd7 Bf2) 27... b6 28. Rb7 (28. Ne4
$2 Be6 29. Nxc5 $2 (29. Rc7 Rd5 30. Nxc5 bxc5 31. Re7+ Kf8 $15) 29... Bxd7 30.
Nxd7 Rf5 $1 31. Bc7 Rd5 {and after the exchange of rooks black is simply
winning.}) 28... Bd5 29. Re1+ (29. c4 $5 Bxc4 30. Rdd7 (30. Ne4 Rd5 31. Re1 Kf8
32. Nxc5 bxc5 33. Ree7 Rf5 34. Rxa7 Rxa7 35. Bh6+ Kg8 36. Re8+ Kh7 37. Bg7 Rxf6
$8 38. Bxf6 g5 {black saves his king and even gets some winning chances.})
30... Rxg5 31. Bxg5 a5 32. Be3 Bxe3 33. Re7+ Kf8 34. Rxe3 b5 $132 {[%csl Ga5]})
29... Kf8 30. c4 Bxc4 31. Ree7 a5 (31... Bxe7 $2 32. fxe7+ Kg7 (32... Ke8 33.
Ne4 {mating.}) 33. Be5+ $1 Kh6 34. Bb8 $18) 32. Rxf7+ Bxf7 33. Rxf7+ Ke8 (33...
Kg8 $2 34. Rg7+ Kf8 35. Ne6+ Ke8 36. f7+ $18) 34. Rg7 (34. Rb7 $2 Rxg5 $1 35.
Bxg5 Kf8 36. Rh7 Kg8 37. Rg7+ Kh8 $17 {[%csl Ga5]} (37... Kf8 $4 38. Bh6 $18))
34... a4 35. f7+ Ke7 36. f8=Q+ Kxf8 37. Ne6+ Ke8 38. Nc7+ Kf8 39. Ne6+ Ke8 $11)
26. Re2+ Kf8 27. Rde1 b5 ({Here} 27... c3 {was not so sound due to simple} 28.
b3 {and the Pc3 will be a target.}) 28. c3 a5 29. a3 Rc8 30. g4 {The only way
to make progress.} hxg3+ 31. Kxg3 Be6 $6 ({The bold} 31... Ra8 $1 {would have
been patient. Ok, white has the initiative, but I don't see a clear plan of
improvement.}) 32. h4 $1 (32. Nxe6+ fxe6 33. Rxe6 Kf7 34. Bd6 (34. Kg4 Rf5 $11)
34... Rg5+ $1 35. Kf3 Rf5+ 36. Kg4 Bxd6 37. Rxd6 Rc7 $11) 32... Kg8 $2 {
Topalov is really eager too change the course of the game, but after the move
in the text his position is beyond saving.} ({It was necessary to come back
with the bishop:} 32... Bd5) 33. Re5 $1 (33. Nxe6 fxe6 34. Rxe6 Rf5 {with good
drawish chances.}) 33... Bf8 (33... Bd6 34. Rxe6 $1 Bxf4+ 35. Kxf4 fxe6 36. Kg4
{followed by 37.Rxe6. Despite being an exchange down, white has a winning
position. Black's rooks are actually out of play.}) 34. Nxe6 {Now it's the
right time for this capture, since black's Rh5 won't come out.} fxe6 35. Rd1 $1
{It's very important to control the "d" file.} Rh7 (35... Kf7 36. Bg5 {[%csl
Yh5] locking the rook.}) 36. Rxe6 Rb7 37. Re4 {Preventing black's possible
counterplay with b5-b4.} Kf7 38. Bg5 Re8 39. Rxe8 Kxe8 40. Kg4 Rh7 (40... Rd7
$2 41. f7+ $1 Rxf7 42. Rd8#) (40... a4 {might be an improvement, but from
psychological point of view it was obviously hard for Topalov to make such a
move which deprives of any counterplay.}) 41. Re1+ Kd7 42. a4 $1 {Breaking
black's pawns chain, Svidler gets additional targets for his rook.} bxa4 43.
Re5 c5 44. Bf4 Rh8 45. Bg3 $1 {Black is actually in zugzwang.} Bh6 46. Re7+ Kc6
47. Bf4 Bxf4 48. Kxf4 Rh5 (48... Rxh4+ 49. Kg5 $18) 49. Re5 Rxh4+ 50. Kg5 $1
Rh5+ 51. Kxg6 Rxe5 52. f7 {Black can't stop the pawn, but white still has to
be precise in the forthcoming queen vs rook endgame.} Re6+ 53. Kg5 Re5+ 54. Kg4
Re4+ 55. Kg3 Re3+ 56. Kf2 a3 $1 57. f8=Q axb2 (57... a2 58. Qc8+ $1 (58. Qh6+
$2 {might still spoil it:} Kb5 59. Qh1 Rh3 $1 60. Qa1 a4 61. Qxa2 Rh1 $1 {
locking the queen. White can't win this position!}) 58... Kb5 (58... Kb6 59.
Qd8+ Ka6 60. Qd6+ Kb7 61. Qd7+ Kb6 62. Qa4 $18 {just like after 58...Kb5.}) 59.
Qd7+ Kb6 60. Qa4 Rh3 61. Qxa2 Kb5 62. Qb1 $18) 58. Qc8+ Kb5 $1 {The last
chance is stalemate!} 59. Qb7+ Ka4 60. Kxe3 (60. Qxb2 $4 Rf3+ $11) 60... Ka3
61. Qb5 a4 62. Qxc5+ Kb3 63. Qb4+ Kc2 64. Qxa4+ Kxc3 65. Qa5+ Kc2 66. Qf5+ Kc1
67. Qf1+ {[%mdl 4096] Perfect endgame technique by Svidler!} 1-0